| 000 | 00448nam a2200181Ia 4500 | ||
|---|---|---|---|
| 001 | 1800 | ||
| 005 | 20260306143755.0 | ||
| 008 | 260306t1970||||xx |||||||||||||| ||spa|| | ||
| 041 | _aESP | ||
| 082 |
_a155.4 _bW78 |
||
| 100 |
_aWolff, Sula, _eAUT |
||
| 245 | 0 |
_aTrastornos psíquicos del niño : _bcausas y tratamientos |
|
| 260 | _c1970 | ||
| 300 |
_axvi, 269 páginas : _c21 cm. |
||
| 650 | _aGEN | ||
| 654 | _aCPS | ||
| 942 |
_cLIB _dJUS _fJUS _2ddc _n |
||
| 999 |
_c1800 _d1800 |
||